|
|
|
|
| LEADER |
00000cam a22000004a 4500 |
| 001 |
musev2_35964 |
| 003 |
MdBmJHUP |
| 005 |
20230905043801.0 |
| 006 |
m o d |
| 007 |
cr||||||||nn|n |
| 008 |
100702s1992 alu o 00 0 eng d |
| 020 |
|
|
|a 9780817389048
|
| 020 |
|
|
|z 9780817305680
|
| 035 |
|
|
|a (OCoLC)645824066
|
| 040 |
|
|
|a MdBmJHUP
|c MdBmJHUP
|
| 245 |
0 |
0 |
|a Interest Group Politics in the Southern States /
|c edited by Ronald J. Hrebenar and Clive S. Thomas.
|
| 264 |
|
1 |
|a Tuscaloosa :
|b University of Alabama Press,
|c 1992.
|
| 264 |
|
3 |
|a Baltimore, Md. :
|b Project MUSE,
|c 2016
|
| 264 |
|
4 |
|c ©1992.
|
| 300 |
|
|
|a 1 online resource (430 pages).
|
| 336 |
|
|
|a text
|b txt
|2 rdacontent
|
| 337 |
|
|
|a computer
|b c
|2 rdamedia
|
| 338 |
|
|
|a online resource
|b cr
|2 rdacarrier
|
| 505 |
0 |
|
|a Kentucky : adapting to the independent legislature / Malcolm E. Jewell and Penny M. Miller -- Tennessee : new challenges for the farm, liquor, and big business lobbies / David H. Folz and Patricia K. Freeman -- Virginia : a new look for the "political museum piece" / John T. Whelan -- North Carolina : interest groups in a state in transition / Jack D. Fleer -- Florida : the changing patterns of power / Anne E. Kelley and Ella L. Taylor -- Texas : the transformation from personal to informational lobbying / Keith E. Hamm and Charles W. Wiggins -- Arkansas : the politics of inequality / Arthur English and John J. Carroll -- South Carolina : the rise of the New South / Robert E. Botsch -- Georgia : business as usual / Eleanor C. Main, Lee Epstein, and Debra L. Elovich -- Alabama : personalities and factionalism / David L. Martin -- Mississippi : an expanding array of interests / Thomas H. Handy -- Louisiana : the final throes of freewheeling ways? / Charles J. Barrilleaux and Charles D. Hadley -- Change, transition, and growth in southern interest group politics / Ronald J. Hrebenar.
|
| 520 |
|
|
|a This is the first volume comprehensively to explore the dynamics of political interest groups in the twelve southern states - the types of group, lobbyists and lobbying tactics, state regulation of lobbying activity, and the power they exert in the individual states. The authors bring a new dimension to the study of southern politics, which traditionally has emphasized electoral politics and the politics of race, and their work underscores the pivotal, and at times controlling, role played by interest groups.
|
| 588 |
|
|
|a Description based on print version record.
|
| 650 |
1 |
7 |
|a Belangenorganisaties.
|2 gtt
|
| 650 |
|
7 |
|a Politik
|2 gnd
|
| 650 |
|
7 |
|a Interessenverband
|2 gnd
|
| 650 |
|
7 |
|a Pressure groups.
|2 fast
|0 (OCoLC)fst01075954
|
| 650 |
|
7 |
|a Politics and government
|2 fast
|0 (OCoLC)fst01919741
|
| 650 |
|
7 |
|a POLITICAL SCIENCE
|x Political Process
|x Political Advocacy.
|2 bisacsh
|
| 650 |
|
6 |
|a Groupes de pression
|z États-Unis (Sud)
|
| 650 |
|
0 |
|a Pressure groups
|z Southern States.
|
| 651 |
|
7 |
|a Zuidelijke staten.
|2 gtt
|
| 651 |
|
7 |
|a USA
|x Südstaaten
|2 gnd
|
| 651 |
|
7 |
|a Southern States.
|2 fast
|0 (OCoLC)fst01244550
|
| 651 |
|
6 |
|a États-Unis (Sud)
|x Politique et gouvernement
|y 1951-
|
| 651 |
|
0 |
|a Southern States
|x Politics and government
|y 1951-
|
| 655 |
|
7 |
|a Electronic books.
|2 local
|
| 700 |
1 |
|
|a Thomas, Clive S.
|
| 700 |
1 |
|
|a Hrebenar, Ronald J.,
|d 1945-
|
| 710 |
2 |
|
|a Project Muse.
|e distributor
|
| 830 |
|
0 |
|a Book collections on Project MUSE.
|
| 856 |
4 |
0 |
|z Texto completo
|u https://projectmuse.uam.elogim.com/book/35964/
|
| 945 |
|
|
|a Project MUSE - Custom Collection
|
| 945 |
|
|
|a Project MUSE - Archive Complete Supplement IV
|
| 945 |
|
|
|a Project MUSE - Archive US Regional Studies, South Supplement IV
|